Caracterización de muestras de vinagre artesanal utilizando láser y metrología óptica
Saved in:
| Main Author: | |
|---|---|
| Other Authors: | |
| Format: | Book |
| Language: | Spanish |
| Published: |
[San José, Costa Rica]
2021
|
| Subjects: | |
| Online Access: | https://cedi.ucr.ac.cr/electrica/caracterizacion-de-muestras-de-vinagre-artesanal-utilizando-laser-y-metrologia-optica/ |
| Tags: |
Add Tag
No Tags, Be the first to tag this record!
|
MARC
| LEADER | 00000nam a2200000Ia 4500 | ||
|---|---|---|---|
| 003 | 013299 | ||
| 005 | 20230509152944.0 | ||
| 008 | 140114s2021 cr a 000 ||spa d | ||
| 040 | |c cru CEDI | ||
| 100 | |a Brizuela Gutiérrez, Iván, 1981- |9 348 | ||
| 245 | |a Caracterización de muestras de vinagre artesanal utilizando láser y metrología óptica | ||
| 260 | |a [San José, Costa Rica] |c 2021 | ||
| 500 | |a Tesis (licenciatura en ingeniería eléctrica)--Universidad de Costa Rica. Facultad de Ingeniería. Escuela de Ingeniería Eléctrica | ||
| 501 | |a Director de Tesis de Graduación: Ing. Luis Diego Marín Naranjo, MSc. | ||
| 650 | |x VINAGRE - PRUEBAS |x VINAGRE |x COLORIMETRIA |x VINAGRE - PRODUCCION - CALIDAD |z VINAGRE - ANALISIS QUIMICO | ||
| 700 | |9 326 |a Marín Naranjo, Luis Diego, 1960- |d Director del TFG | ||
| 856 | |u https://cedi.ucr.ac.cr/electrica/caracterizacion-de-muestras-de-vinagre-artesanal-utilizando-laser-y-metrologia-optica/ |y https://cedi.ucr.ac.cr/electrica/caracterizacion-de-muestras-de-vinagre-artesanal-utilizando-laser-y-metrologia-optica/ | ||
| 942 | |c CEDI |h TFG 8450 |2 ddc |6 TFG_8450_000000000000000 | ||
| 999 | |c 12879 |d 12879 | ||
